000 00441nam a2200181Ia 4500
001 16168
005 20260306170249.0
008 260306t1993||||xx |||||||||||||| ||und||
041 _aESP
082 _a347
_bO34
100 _aO'Donnell, Gastón Alejandro
_eAUT
245 0 _aElementos de derecho empresarial
260 _c1993
300 _axxi, 260 páginas :
_c22 cm.
650 _aGEN
654 _aCDE
942 _cLIB
_dJUS
_fJUS
_2ddc
_n
999 _c16168
_d16168